| 000 | 00397nam a2200121Ia 4500 | ||
|---|---|---|---|
| 008 | 220620s9999||||xx |||||||||||||| ||und|| | ||
| 245 | 0 | _aLaw and Language in the Middle Ages | |
| 546 | _aEnglish[eng] | ||
| 650 | _aHumanities||History | ||
| 700 | _aBenham, Jenny||McHaffie, Matthew||Vogt, Helle | ||
| 856 | _uhttps://library.oapen.org/bitstream/20.500.12657/53842/1/9789004375765.pdf | ||
| 942 | _cEB | ||
| 999 |
_c28045 _d28045 |
||